Životné prostredie berieme vážne schôdzka EÚ s ministrami životného prostredia kandidátskych krajín

Bibliographic Details
Format: Article
Language:Slovak
Subjects:

MARC

LEADER 00000nab a2200000 a 4500
001 vtls000666468
003 SK-MaSNL
005 20260304225726.0
008 180206c1998 xo 0 slo
015 |a SNBRB1998/09-25537 
035 |a CLN000018652 
040 |a SNKBUCL  |b slo  |c SNKBUCL  |e AACR2 
041 0 |a slo 
044 |a xo  |c SK 
080 |a 339.923(4:437.6):504.06:340.137  |2 UDC-MRF-SK2 
080 |a 504.06  |2 UDC-MRF-SK2 
080 |a 340.137  |2 UDC-MRF-SK2 
245 0 0 |a Životné prostredie berieme vážne  |b schôdzka EÚ s ministrami životného prostredia kandidátskych krajín 
610 7 |a Európska únia  |2 snkbucl  |9 29861 
650 0 7 |a životné prostredie  |2 snkbucl  |9 786 
655 7 |a články z novín a časopisov  |2 snkbucl  |9 267496 
773 0 |t Slovenská republika  |g Roč. 6, č. 213 (16.9.1998), s. 7 
850 |a Slovenská národná knižnica v Martine 
852 |a SNK  |b KIS3GCP 
958 |a RBX 
999 |c 3179421  |d 3181351